Mikroekonomie II : cvičebnice /

Hlavní autor: Macáková, Libuše, 1955-
Jazyk: Čeština
Vydáno: Slaný : Melandrium, 2000
Vydání: Vyd. 2.
Témata:
Externí odkaz: Digitalizovaný dokument
Fyzický popis: 223 s. : il. ; 21 cm
Knihy
Uloženo v:
LEADER 01210nam a2200337 a 4500
001 000567644
003 CZ BrMZK
005 20160525091350.0
007 ta
008 000115s20002001xr e p cze d
015 |a cnb001007944 
020 |a 80-86175-11-1 
035 |a (OCoLC)50342122 
040 |a BOA001  |b cze 
072 7 |a 33  |x Ekonomie  |2 Konspekt  |9 4 
072 7 |a 37.016  |x Učební osnovy. Vyučovací předměty. Učebnice  |2 Konspekt  |9 22 
080 |a 330.101.542  |2 MRF 
080 |a (075.8)  |2 MRF 
100 1 |a Macáková, Libuše,  |d 1955-  |7 ola2003201035  |4 aut 
245 1 0 |a Mikroekonomie II :  |b cvičebnice /  |c Libuše Macáková a kol. 
250 |a Vyd. 2. 
260 |a Slaný :  |b Melandrium,  |c 2000 
300 |a 223 s. :  |b il. ;  |c 21 cm 
504 |a Obsahuje bibliografii 
650 0 7 |a mikroekonomie  |7 ph115305  |x úlohy  |2 czenas 
655 7 |a učebnice vysokých škol  |7 fd133772  |2 czenas 
856 4 1 |u http://www.digitalniknihovna.cz/mzk/uuid/uuid:c4a07b30-c9c8-11e2-b6da-005056827e52  |y Digitalizovaný dokument  |x NDK 
910 |a BOA001  |b 2-1088.641 
990 |a BK 
991 |f 330.101.542 MAC 
996 6 |b 2610140488  |c 2-1088.641  |l MZK  |r Sklad / do 1 hodiny  |n 7  |p p.v.  |w 000567644  |u 000010  |a 1  |e BOA001  |j MZK50  |s P